000 00765nam a2200241Ia 4500
003 GCL
008 140319s9999 xx 000 0 ara d
020 _a2138305977
040 _aGCL /
_cGCL
082 0 4 _aق
_b069.0962
_bم م
100 1 _aمحمد صالح على
245 1 0 _aالمتحف المصرى /
_cمحمد صالح على
700 1 _aسوروزيان، هوريج
260 _aالقاهرة :
_bالمجلس الاعلى للاثار ،
_c1999
300 _a151 ص ؛
_c24 سم
650 0 4 _aالحضارة الفرعونية
650 0 4 _aالاثار الفرعونية
650 0 4 _aالمتحف المصرى
650 0 4 _aالمتاحف
650 0 4 _aالمومياءات
650 0 4 _aمصر - المتاحف
942 _2ddc
_cBK
999 _c33308
_d33308